<?xml version="1.0" encoding="UTF-8"?>
<record
    xmlns:xsi="http://www.w3.org/2001/XMLSchema-instance"
    xsi:schemaLocation="http://www.loc.gov/MARC21/slim http://www.loc.gov/standards/marcxml/schema/MARC21slim.xsd"
    xmlns="http://www.loc.gov/MARC21/slim">

  <leader>00759nam a22001337a 4500</leader>
  <datafield tag="040" ind1=" " ind2=" ">
    <subfield code="c">RUA</subfield>
  </datafield>
  <datafield tag="082" ind1=" " ind2=" ">
    <subfield code="a">VEM MOL 2018 B649 Or.1</subfield>
  </datafield>
  <datafield tag="100" ind1=" " ind2=" ">
    <subfield code="a">MOL PHEARY &#x1798;&#x17C9;&#x17BB;&#x179B;&#x200B; &#x1797;&#x17B6;&#x179A;&#x17B8;</subfield>
  </datafield>
  <datafield tag="245" ind1=" " ind2=" ">
    <subfield code="a">atimicrobial resistance of E.coli isolated on dogs at veterinary teaching hospital of faculty veterinary medicine &#x1797;&#x17B6;&#x1796;&#x179F;&#x17B6;&#x17C6;&#x178F;&#x17C1;&#x179A;&#x17B8; E.coli &#x1791;&#x179B;&#x17CB;&#x1793;&#x17B7;&#x1784;&#x17A7;&#x179F;&#x17A2;&#x1784;&#x17CB;&#x1791;&#x17B8;&#x1796;&#x17D2;&#x1799;&#x17BC;&#x1791;&#x17B7;&#x1785; &#x1793;&#x17C3;&#x179F;&#x178F;&#x17D2;&#x179C;&#x179F;&#x17BB;&#x1793;&#x1781;&#x1793;&#x17C5;&#x1798;&#x1793;&#x17D2;&#x1791;&#x17B8;&#x1796;&#x17C1;&#x1791;&#x17D2;&#x1799;&#x179F;&#x178F;&#x17D2;&#x179C;&#x1793;&#x17C3;&#x1798;&#x17A0;&#x17B6;&#x179C;&#x17B7;&#x1791;&#x17D2;&#x1799;&#x17B6;&#x179B;&#x17D0;&#x1799;&#x179C;&#x17C1;&#x1787;&#x17D2;&#x1785;&#x179F;&#x17B6;&#x179F;&#x17D2;&#x179A;&#x17D2;&#x178F;&#x179F;&#x178F;&#x17D2;&#x179C;</subfield>
  </datafield>
  <datafield tag="260" ind1=" " ind2=" ">
    <subfield code="a">RUA</subfield>
    <subfield code="b">Phnom penh</subfield>
    <subfield code="c">2018</subfield>
  </datafield>
  <datafield tag="300" ind1=" " ind2=" ">
    <subfield code="a">x;45p</subfield>
    <subfield code="b">ill;</subfield>
    <subfield code="c">29cm</subfield>
  </datafield>
  <datafield tag="856" ind1=" " ind2=" ">
    <subfield code="u">https://drive.google.com/file/d/1irn2OzVndPSwlKjUhEsc9b30hOvzUwfj/view?usp=sharing</subfield>
  </datafield>
  <datafield tag="942" ind1=" " ind2=" ">
    <subfield code="c">AVM</subfield>
  </datafield>
  <datafield tag="999" ind1=" " ind2=" ">
    <subfield code="c">18301</subfield>
    <subfield code="d">18301</subfield>
  </datafield>
  <datafield tag="952" ind1=" " ind2=" ">
    <subfield code="0">0</subfield>
    <subfield code="1">0</subfield>
    <subfield code="2">ddc</subfield>
    <subfield code="4">0</subfield>
    <subfield code="6">AVM_MOL_2018_000000000000000_B649_OR_1</subfield>
    <subfield code="7">0</subfield>
    <subfield code="9">81978</subfield>
    <subfield code="a">LBB</subfield>
    <subfield code="b">LBB</subfield>
    <subfield code="c">B649</subfield>
    <subfield code="d">2019-10-16</subfield>
    <subfield code="l">4</subfield>
    <subfield code="o">AVM MOL 2018 B649 Or.1</subfield>
    <subfield code="p">A43356</subfield>
    <subfield code="r">2024-07-10</subfield>
    <subfield code="s">2024-06-26</subfield>
    <subfield code="w">2019-10-16</subfield>
    <subfield code="y">AVM</subfield>
  </datafield>
  <datafield tag="952" ind1=" " ind2=" ">
    <subfield code="0">0</subfield>
    <subfield code="1">0</subfield>
    <subfield code="2">ddc</subfield>
    <subfield code="4">0</subfield>
    <subfield code="6">AVM_MOL_2018_000000000000000_B649_OR_2</subfield>
    <subfield code="7">0</subfield>
    <subfield code="9">81979</subfield>
    <subfield code="a">LBB</subfield>
    <subfield code="b">LBB</subfield>
    <subfield code="c">B649</subfield>
    <subfield code="d">2019-10-16</subfield>
    <subfield code="l">2</subfield>
    <subfield code="o">AVM MOL 2018 B649 Or.2</subfield>
    <subfield code="p">A43572</subfield>
    <subfield code="r">2021-09-27</subfield>
    <subfield code="s">2021-09-13</subfield>
    <subfield code="w">2019-10-16</subfield>
    <subfield code="y">AVM</subfield>
  </datafield>
  <datafield tag="952" ind1=" " ind2=" ">
    <subfield code="0">0</subfield>
    <subfield code="1">0</subfield>
    <subfield code="2">ddc</subfield>
    <subfield code="4">0</subfield>
    <subfield code="6">AVM_MOL_2018_000000000000000_B649_OR_3</subfield>
    <subfield code="7">0</subfield>
    <subfield code="9">81980</subfield>
    <subfield code="a">LBB</subfield>
    <subfield code="b">LBB</subfield>
    <subfield code="c">B649</subfield>
    <subfield code="d">2019-10-16</subfield>
    <subfield code="o">AVM MOL 2018 B649 Or.3</subfield>
    <subfield code="p">A43506</subfield>
    <subfield code="r">2019-10-16</subfield>
    <subfield code="w">2019-10-16</subfield>
    <subfield code="y">AVM</subfield>
  </datafield>
  <datafield tag="952" ind1=" " ind2=" ">
    <subfield code="0">0</subfield>
    <subfield code="1">0</subfield>
    <subfield code="2">ddc</subfield>
    <subfield code="4">0</subfield>
    <subfield code="6">AVM_MOL_2018_000000000000000_B649_OR_4</subfield>
    <subfield code="7">0</subfield>
    <subfield code="9">81981</subfield>
    <subfield code="a">LBB</subfield>
    <subfield code="b">LBB</subfield>
    <subfield code="c">B649</subfield>
    <subfield code="d">2019-10-16</subfield>
    <subfield code="l">6</subfield>
    <subfield code="o">AVM MOL 2018 B649 Or.4</subfield>
    <subfield code="p">A43497</subfield>
    <subfield code="r">2024-09-26</subfield>
    <subfield code="s">2024-09-12</subfield>
    <subfield code="w">2019-10-16</subfield>
    <subfield code="y">AVM</subfield>
  </datafield>
  <datafield tag="952" ind1=" " ind2=" ">
    <subfield code="0">0</subfield>
    <subfield code="1">0</subfield>
    <subfield code="2">ddc</subfield>
    <subfield code="4">0</subfield>
    <subfield code="6">AVM_MOL_2018_000000000000000_B649_OR_5</subfield>
    <subfield code="7">0</subfield>
    <subfield code="9">81982</subfield>
    <subfield code="a">LBB</subfield>
    <subfield code="b">LBB</subfield>
    <subfield code="c">B649</subfield>
    <subfield code="d">2019-10-16</subfield>
    <subfield code="l">2</subfield>
    <subfield code="o">AVM MOL 2018 B649 Or.5</subfield>
    <subfield code="p">A43781</subfield>
    <subfield code="r">2022-02-11</subfield>
    <subfield code="s">2022-01-26</subfield>
    <subfield code="w">2019-10-16</subfield>
    <subfield code="y">AVM</subfield>
  </datafield>
  <datafield tag="952" ind1=" " ind2=" ">
    <subfield code="0">0</subfield>
    <subfield code="1">0</subfield>
    <subfield code="2">ddc</subfield>
    <subfield code="4">0</subfield>
    <subfield code="6">AVM_MOL_2018_000000000000000_B649_OR_6</subfield>
    <subfield code="7">0</subfield>
    <subfield code="9">81983</subfield>
    <subfield code="a">LBB</subfield>
    <subfield code="b">LBB</subfield>
    <subfield code="c">B649</subfield>
    <subfield code="d">2019-10-16</subfield>
    <subfield code="l">6</subfield>
    <subfield code="o">AVM MOL 2018 B649 Or.6</subfield>
    <subfield code="p">A43302</subfield>
    <subfield code="r">2023-07-10</subfield>
    <subfield code="s">2023-06-09</subfield>
    <subfield code="w">2019-10-16</subfield>
    <subfield code="y">AVM</subfield>
  </datafield>
</record>
